[Event "11th LCC FIDE Open 2019"]
[Site "London"]
[Date "2019.12.01"]
[Round "4.47"]
[White "Seymour, Timothy P"]
[Black "John, Joshua"]
[Result "1-0"]
[WhiteElo "2107"]
[BlackElo "1680"]
[Annotator "TA"]
[PlyCount "127"]
[EventDate "2019.11.29"]
[EventType "swiss"]
[EventCountry "ENG"]
[SourceTitle "playchess.com"]
[Source "ChessBase"]
[SourceQuality "1"]

{[%evp 10,126,24,0,16,22,57,46,46,37,54,39,56,52,38,51,72,70,299,325,283,192,418,370,631,113,109,108,97,106,113,112,124,128,195,191,185,190,591,92,108,108,154,161,161,152,150,149,150,150,150,146,170,170,167,166,192,190,255,252,241,241,257,254,277,230,393,383,387,348,1008,1142,1097,968,1230,1235,1190,1154,1204,1118,2131,1966,1840,1819,29950,1492,1383,1383,1310,760,29966,29967,6697,12799,29975,29977,29975,29974,29974,29974,29974,29975,29976,29961,29976,29977,29982,29983,29982,29983,29990,29991,29994,29995,29996,29997,29997,29998,29999]} 1. e3 d5 2. c4 c6 3. Nf3 Nf6 4. Nc3 e6 5. d4 Be7 6. b3 Nbd7 {D45: Semi-Slav: 5 e3} 7. Bd3 c5 (7... O-O 8. Bb2 b6 9. O-O Bb7 10. Qc2 Bd6 11. e4 dxe4 12. Nxe4 Nxe4 13. Bxe4 Nf6 14. Bd3 h6 15. c5 Bc7 16. Rfe1 Nd5 17. a3 b5 18. Bf1 {1-0 (42) Mitsis,G (2374)-Storey,C (2282) Anogia 2019}) 8. cxd5 $146 ({Predecessor:} 8. O-O O-O 9. Bb2 cxd4 10. exd4 Re8 11. Qe2 Nb8 12. Rad1 Nc6 13. Bb1 Bf8 14. Rfe1 a6 15. Ne5 Bd7 16. Qf3 dxc4 17. bxc4 Qc7 18. Ne4 Nxe4 {1-0 (18) Rodrigues,T (2119)-Bufalo,A (1752) Sao Paulo 2012}) 8... cxd4 {White is slightly better.} 9. Nxd4 Nxd5 10. Nxd5 Qa5+ 11. Qd2 Qxd5 12. O-O a6 13. Rd1 Bf6 $2 ({Black should play} 13... b5 $14) 14. Ba3 $18 Ne5 15. Bf1 Bd7 $2 (15... Nc6 16. Rac1 Nxd4) 16. Rac1 Nc6 $2 {[#]} (16... Rc8 17. Rxc8+ Bxc8) 17. Bc4 $2 (17. Rc5 $1 $18) 17... Qa5 $16 18. Qxa5 Nxa5 19. Be2 Nc6 {[#]} 20. Bf3 $1 {[%cal Rd4c6]} Rc8 21. Nxc6 bxc6 (21... Bxc6 $16 22. Bxc6+ Rxc6) 22. Rc2 {Threatens to win with Rcd2.} Be7 23. Bb2 {Strongly threatening Rcd2.} f6 $2 (23... c5 {is tougher.} 24. Bxg7 Rg8) 24. Rdc1 $2 (24. Rcd2 $18 {and the rest is easy.}) 24... c5 25. Ba3 Bc6 26. Bxc6+ Rxc6 27. Bxc5 Bxc5 28. Rxc5 Rxc5 29. Rxc5 {[%mdl 4096] Endgame Hoping for Rc8+. KR-KR} Kd7 30. Kf1 Kd6 31. b4 Rb8 32. a3 f5 33. Ke2 e5 (33... Kd7 {was worth a try.} 34. Kd3 Rb6) 34. f3 $18 g6 35. Kd3 g5 36. g3 h5 37. Kc4 f4 $2 (37... Re8 38. Rd5+ Kc6) 38. exf4 gxf4 39. gxf4 h4 $2 (39... exf4 40. Rxh5 Re8) 40. fxe5+ Ke6 41. Kd4 Rd8+ 42. Ke4 Rd2 43. Rc6+ Ke7 44. h3 Rh2 45. Rxa6 Rxh3 46. Ra7+ Ke8 47. Kf4 (47. b5 $142 Kd8 48. b6 Kc8 49. e6 Rh1 50. e7 Re1+ 51. Kf5 Kb8 52. Rd7) 47... Rh1 48. Kg4 h3 49. Kg3 Rf1 50. Kxh3 Rxf3+ 51. Kg4 Re3 52. Kf5 {White mates.} Rd3 53. Ke6 Kf8 54. b5 Rb3 55. a4 Rb4 56. Ra8+ Kg7 57. Ke7 Re4 58. e6 Kh7 59. b6 Rf4 60. b7 Rf5 61. b8=Q Rf8 62. Qxf8 Kg6 63. Qf6+ Kh7 64. Rh8# {Accuracy: White = 71%, Black = 23%.} 1-0

[Event "11th LCC FIDE Open 2019"]
[Site "London"]
[Date "2019.12.01"]
[Round "4.48"]
[White "Marusenko, Petr"]
[Black "Gilmore, Samuel"]
[Result "1-0"]
[WhiteElo "2085"]
[BlackElo "1757"]
[Annotator "NA"]
[PlyCount "39"]
[EventDate "2019.11.29"]
[EventType "swiss"]
[EventCountry "ENG"]
[SourceTitle "playchess.com"]
[Source "ChessBase"]
[SourceQuality "1"]
[TimeControl "40/5400+30:1800+30"]

1. e4 {[%emt 0:05:21]} c6 {[%emt 0:00:00]} 2. d4 {[%emt 0:00:13]} d5 {[%emt 0:00:00]} 3. Nc3 {[%emt 0:00:05]} dxe4 {[%emt 0:00:00]} 4. Nxe4 {[%emt 0:00:05]} Bf5 {[%emt 0:00:01]} 5. Ng3 {[%emt 0:00:07]} Bg6 {[%emt 0:00:12]} 6. N1e2 {[%emt 0:00:03]} e6 {[%emt 0:02:48]} 7. h4 {[%emt 0:00:24]} h6 {[%emt 0:00:08]} 8. Nf4 {[%emt 0:00:04]} Bh7 {[%emt 0:00:26]} 9. Bc4 {[%emt 0:00:06]} Nf6 {[%emt 0:06:11]} 10. O-O {[%emt 0:00:16]} Nd5 {[%emt 0:03:02]} 11. Re1 {[%emt 0:08:52]} Nxf4 {[%emt 0:07:06]} 12. Bxf4 {[%emt 0:03:31]} Qxh4 {[%emt 0:15:10]} 13. Qf3 {[%emt 0:14:07]} Be7 {[%emt 0:06:01]} 14. Nh5 {[%emt 0:14:28]} O-O {[%emt 0:14:59]} 15. Be5 {[%emt 0:04:36]} Nd7 {[%emt 0:03:50]} 16. Bxg7 {[%emt 0:04:31]} Rfd8 {[%emt 0:03:14]} 17. Rxe6 {[%emt 0:06:53]} Nb6 {[%emt 0:00:49]} 18. Re4 {[%emt 0:02:19]} Nxc4 {[%emt 0:01:15]} 19. Rxh4 {[%emt 0:03:12]} Bxh4 {[%emt 0:00:09]} 20. Bf6 {[%emt 0:00:56]} 1-0

[Event "11th LCC FIDE Open 2019"]
[Site "London"]
[Date "2019.12.01"]
[Round "4.49"]
[White "Tombolis, Christopher"]
[Black "Semprun Martinez, Fernando"]
[Result "0-1"]
[WhiteElo "1824"]
[BlackElo "2071"]
[Annotator "NA"]
[PlyCount "88"]
[EventDate "2019.11.29"]
[EventType "swiss"]
[EventCountry "ENG"]
[SourceTitle "playchess.com"]
[Source "ChessBase"]
[SourceQuality "1"]
[TimeControl "40/5400+30:1800+30"]

1. d4 {[%emt 0:00:00]} Nf6 {[%emt 0:00:00]} 2. c4 {[%emt 0:00:40]} c5 {[%emt 0:00:00]} 3. d5 {[%emt 0:00:13]} b5 {[%emt 0:00:00]} 4. cxb5 {[%emt 0:00:24]} a6 {[%emt 0:00:00]} 5. bxa6 {[%emt 0:00:16]} g6 {[%emt 0:00:00]} 6. Nc3 {[%emt 0:00:06]} Bg7 {[%emt 0:00:00]} 7. Nf3 {[%emt 0:00:03]} O-O {[%emt 0:00:00]} 8. g3 {[%emt 0:00:04]} d6 {[%emt 0:00:00]} 9. Bg2 {[%emt 0:00:07]} Nbd7 {[%emt 0:00:00]} 10. O-O {[%emt 0:00:53]} Nb6 {[%emt 0:00:11]} 11. Nd2 {[%emt 0:02:36]} Bxa6 {[%emt 0:04:16]} 12. Qc2 {[%emt 0:05:44]} Nfd7 {[%emt 0:03:25]} 13. b3 {[%emt 0:04:57]} Bxe2 {[%emt 0:01:12]} 14. Re1 {[%emt 0:00:01]} Bg4 {[%emt 0:03:23]} 15. Bb2 {[%emt 0:01:35]} Bf5 {[%emt 0:02:15]} 16. Nde4 {[%emt 0:14:38]} Nf6 {[%emt 0:11:21]} 17. Nxf6+ {[%emt 0:00:28]} Bxf6 {[%emt 0:00:10]} 18. Be4 {[%emt 0:00:43]} Bxe4 {[%emt 0:02:33]} 19. Qxe4 {[%emt 0:01:19]} Ra6 {[%emt 0:08:39]} 20. a4 {[%emt 0:04:03]} Qa8 {[%emt 0:07:06]} 21. Rad1 {[%emt 0:04:46]} Rc8 {[%emt 0:03:58]} 22. Qf3 {[%emt 0:20:54]} Qb7 {[%emt 0:06:21]} 23. Ba1 {[%emt 0:05:26]} Nd7 {[%emt 0:09:39]} 24. Nb5 {[%emt 0:02:46]} Bxa1 {[%emt 0:07:14]} 25. Rxa1 {[%emt 0:00:42]} Ne5 {[%emt 0:08:05]} 26. Qd1 {[%emt 0:04:39]} c4 {[%emt 0:01:05]} 27. Re3 {[%emt 0:03:46]} Rc5 {[%emt 0:02:19]} 28. bxc4 {[%emt 0:01:24]} Nxc4 {[%emt 0:01:02]} 29. Rc3 {[%emt 0:06:17]} Nb2 {[%emt 0:09:15]} 30. Qc2 {[%emt 0:01:14]} Rxc3 {[%emt 0:02:23]} 31. Nxc3 {[%emt 0:00:18]} Nc4 {[%emt 0:01:02]} 32. Rb1 {[%emt 0:02:00]} Rb6 {[%emt 0:03:21]} 33. Rxb6 {[%emt 0:01:23]} Qxb6 {[%emt 0:01:14]} 34. Qe4 {[%emt 0:00:55]} Qb3 {[%emt 0:01:28]} 35. Qd4 {[%emt 0:00:42]} Ne5 {[%emt 0:01:22]} 36. Kg2 {[%emt 0:01:51]} Qa3 {[%emt 0:00:17]} 37. h3 {[%emt 0:01:49]} h5 {[%emt 0:00:10]} 38. Qe3 {[%emt 0:00:08]} Kg7 {[%emt 0:00:43]} 39. Qd4 {[%emt 0:01:02]} f6 {[%emt 0:00:56]} 40. Qe3 {[%emt 0:01:11]} Qb4 {[%emt 0:00:43]} 41. Kh2 {[%emt 0:31:54]} h4 {[%emt 0:31:15]} 42. g4 {[%emt 0:05:03]} g5 {[%emt 0:00:23]} 43. Ne2 {[%emt 0:00:00]} Qxa4 {[%emt 0:00:00]} 44. Nd4 {[%emt 0:00:00]} Qxd4 {[%emt 0:00:00]} 0-1

[Event "11th LCC FIDE Open 2019"]
[Site "London"]
[Date "2019.12.01"]
[Round "4.50"]
[White "Ahn, Sungmin"]
[Black "Wilks, Simon"]
[Result "1-0"]
[WhiteElo "1780"]
[BlackElo "2071"]
[Annotator "NA RC"]
[PlyCount "101"]
[EventDate "2019.11.29"]
[EventType "swiss"]
[EventCountry "ENG"]
[SourceTitle "playchess.com"]
[Source "ChessBase"]
[SourceQuality "1"]
[TimeControl "40/5400+30:1800+30"]

1. e4 {[%emt 1:01:25]} e6 {[%emt 0:04:28]} 2. d4 {[%emt 0:01:28]} d5 {[%emt 0:00:05]} 3. Nd2 {[%emt 0:00:02]} Nc6 {[%emt 0:00:22]} 4. Ngf3 {[%emt 0:02:28]} Nf6 {[%emt 0:00:12]} 5. e5 {[%emt 0:00:03]} Nd7 {[%emt 0:00:05]} 6. Bd3 {[%emt 0:00:06]} f6 {[%emt 0:00:44]} 7. Ng5 {[%emt 0:02:12]} Ndxe5 {[%emt 0:02:07]} 8. dxe5 {[%emt 0:02:43]} fxg5 {[%emt 0:00:08]} 9. Qh5+ {[%emt 0:01:51]} Kd7 {[%emt 0:01:45]} 10. Nf3 {[%emt 0:03:49]} g6 {[%emt 0:02:01]} 11. Qg4 {[%emt 0:09:18]} Nb4 {[%emt 0:22:01]} 12. Bxg5 {[%emt 0:06:49]} Nxd3+ {[%emt 0:07:16]} 13. cxd3 {[%emt 0:00:06]} Be7 {[%emt 0:00:28]} 14. Rc1 {[%emt 0:02:45]} c6 {[%emt 0:03:29]} 15. O-O {[%emt 0:01:21]} Qf8 {[%emt 0:05:04]} 16. Nd4 {[%emt 0:05:48]} Bxg5 {[%emt 0:10:24]} 17. Qxg5 {[%emt 0:00:03]} Qe7 {[%emt 0:00:40]} 18. Qd2 {[%emt 0:03:38]} Ke8 {[%emt 0:01:27]} 19. b4 {[%emt 0:02:56]} Bd7 {[%emt 0:01:59]} 20. Rc2 {[%emt 0:05:16]} Kf7 {[%emt 0:02:59]} 21. Nb3 {[%emt 0:09:43]} Kg7 {[%emt 0:02:25]} 22. d4 {[%emt 0:02:27]} Rhf8 {[%emt 0:01:57]} 23. a3 {[%emt 0:01:39]} Rad8 {[%emt 0:04:41]} 24. Rc3 {[%emt 0:00:28]} Rf5 {[%emt 0:01:28]} 25. Rh3 {[%emt 0:00:13]} Rdf8 {[%emt 0:02:51]} 26. Nc5 {[%emt 0:04:50]} Bc8 {[%emt 0:00:25]} 27. Nd3 {[%emt 0:00:13]} b6 {[%emt 0:01:36]} 28. Rc1 {[%emt 0:03:52]} Ba6 {[%emt 0:03:05]} 29. f3 {[%emt 0:09:03]} Bc4 {[%emt 0:01:15]} 30. Nf2 {[%emt 0:00:46]} Qg5 {[%emt 0:01:00]} 31. Qxg5 {[%emt 0:02:23]} Rxg5 {[%emt 0:00:04]} 32. Ng4 {[%emt 0:00:15]} Rf4 {[%emt 0:04:19]} 33. Rd1 {[%emt 0:02:47]} h5 {[%emt 0:02:29]} 34. Nf6 {[%emt 0:00:09]} Be2 {[%emt 0:01:54]} 35. Rd2 {[%emt 0:00:01]} Bxf3 {[%emt 0:06:22]} 36. Rg3 {[%emt 0:02:48]} Rff5 {[%emt 0:01:17]} 37. gxf3 {[%emt 0:01:32]} Rxg3+ {[%emt 0:00:09]} 38. hxg3 {[%emt 0:00:06]} Rxf3 {[%emt 0:00:06]} 39. Kg2 {[%emt 0:01:40]} Rxa3 {[%emt 0:00:51]} 40. Rc2 {[%emt 0:04:48]} Rb3 {[%emt 0:02:25]} 41. Rxc6 {[%emt 0:00:14]} Rxb4 {[%emt 0:00:06]} 42. Rxe6 {[%emt 0:00:36]} Kf7 {[%emt 0:00:34]} 43. Rd6 {[%emt 0:00:48]} Rxd4 {[%emt 0:00:17]} 44. Nxd5 {[%emt 0:01:40]} Re4 {[%emt 0:04:35]} 45. Rf6+ {[%emt 0:04:11]} Ke8 {[%emt 0:00:21]} 46. e6 {[%emt 0:02:34]} Re5 {[%emt 0:08:26]} 47. Nf4 {[%emt 0:00:55]} Rf5 {[%emt 0:01:09]} 48. Rxg6 {[%emt 0:00:53]} h4 {[%emt 0:05:14]} 49. Rg7 {[%emt 0:00:44]} Rf6 {[%emt 0:03:26]} 50. Rxa7 {[%emt 0:01:45]} hxg3 {[%emt 0:00:29]} 51. Ra8+ {[%emt 0:00:23]} 1-0

[Event "11th LCC FIDE Open 2019"]
[Site "London"]
[Date "2019.12.01"]
[Round "4.51"]
[White "Chilton, James I"]
[Black "Grigoryan, Meri"]
[Result "1/2-1/2"]
[WhiteElo "1711"]
[BlackElo "2050"]
[Annotator "NA"]
[PlyCount "85"]
[EventDate "2019.11.29"]
[EventType "swiss"]
[EventCountry "ENG"]
[SourceTitle "playchess.com"]
[Source "ChessBase"]
[SourceQuality "1"]
[TimeControl "40/5400+30:1800+30"]

1. e4 {[%emt 1:01:08]} d5 {[%emt 0:02:45]} 2. exd5 {[%emt 0:00:03]} Qxd5 {[%emt 0:00:05]} 3. Nc3 {[%emt 0:00:04]} Qd6 {[%emt 0:00:39]} 4. d4 {[%emt 0:00:04]} Nf6 {[%emt 0:00:42]} 5. Nf3 {[%emt 0:00:10]} a6 {[%emt 0:01:58]} 6. Bd3 {[%emt 0:04:11]} b5 {[%emt 0:07:16]} 7. O-O {[%emt 0:03:03]} Bb7 {[%emt 0:01:25]} 8. Re1 {[%emt 0:06:20]} Nbd7 {[%emt 0:03:34]} 9. Ne4 {[%emt 0:11:29]} Qb6 {[%emt 0:09:20]} 10. Bf4 {[%emt 0:03:54]} e6 {[%emt 0:13:31]} 11. c3 {[%emt 0:07:05]} Nxe4 {[%emt 0:15:27]} 12. Bxe4 {[%emt 0:00:09]} Bxe4 {[%emt 0:00:12]} 13. Rxe4 {[%emt 0:00:04]} Nf6 {[%emt 0:00:07]} 14. Re2 {[%emt 0:01:21]} Be7 {[%emt 0:01:53]} 15. a4 {[%emt 0:01:41]} O-O {[%emt 0:01:03]} 16. a5 {[%emt 0:01:57]} Qb7 {[%emt 0:03:40]} 17. Qc2 {[%emt 0:01:03]} c5 {[%emt 0:01:58]} 18. Rd1 {[%emt 0:08:01]} cxd4 {[%emt 0:06:23]} 19. Rxd4 {[%emt 0:01:40]} Rfd8 {[%emt 0:03:07]} 20. Red2 {[%emt 0:01:49]} Rxd4 {[%emt 0:02:41]} 21. Rxd4 {[%emt 0:03:03]} Rd8 {[%emt 0:01:55]} 22. Qd3 {[%emt 0:02:29]} Rxd4 {[%emt 0:01:32]} 23. Qxd4 {[%emt 0:01:22]} Qd5 {[%emt 0:04:07]} 24. h3 {[%emt 0:04:11]} Bc5 {[%emt 0:02:06]} 25. Qe5 {[%emt 0:02:38]} Qxe5 {[%emt 0:07:02]} 26. Nxe5 {[%emt 0:02:57]} Nd5 {[%emt 0:03:27]} 27. Nd7 {[%emt 0:02:21]} Ba7 {[%emt 0:01:31]} 28. Bd6 {[%emt 0:03:52]} f6 {[%emt 0:00:07]} 29. Bc5 {[%emt 0:05:16]} Bxc5 {[%emt 0:00:04]} 30. Nxc5 {[%emt 0:00:04]} Nc7 {[%emt 0:00:02]} 31. b4 {[%emt 0:03:56]} Kf7 {[%emt 0:00:15]} 32. Kf1 {[%emt 0:00:20]} Ke7 {[%emt 0:00:14]} 33. Ke2 {[%emt 0:00:14]} Kd6 {[%emt 0:00:46]} 34. Kd3 {[%emt 0:00:37]} Kd5 {[%emt 0:01:19]} 35. f3 {[%emt 0:03:35]} h5 {[%emt 0:01:20]} 36. g3 {[%emt 0:01:53]} e5 {[%emt 0:00:57]} 37. g4 {[%emt 0:06:24]} hxg4 {[%emt 0:00:51]} 38. hxg4 {[%emt 0:00:27]} g6 {[%emt 0:00:26]} 39. Nd7 {[%emt 0:02:21]} Ke6 {[%emt 0:02:19]} 40. Nc5+ {[%emt 0:07:30]} Kd5 {[%emt 0:00:19]} 41. Nd7 {[%emt 0:00:36]} Ke6 {[%emt 0:08:33]} 42. Nc5+ {[%emt 0:00:10]} Kd5 {[%emt 0:00:06]} 43. Nd7 {[%emt 0:00:04] Ke4+ Kxe4} 1/2-1/2

[Event "11th LCC FIDE Open 2019"]
[Site "London"]
[Date "2019.12.01"]
[Round "4.52"]
[White "Phillips, Owen S"]
[Black "Cordes, Hans-Joerg"]
[Result "0-1"]
[WhiteElo "1902"]
[BlackElo "2188"]
[Annotator "ChessBase"]
[PlyCount "102"]
[EventDate "2019.11.29"]
[EventType "swiss"]
[EventCountry "ENG"]
[SourceTitle "playchess.com"]
[Source "ChessBase"]
[SourceQuality "1"]
[TimeControl "40/5400+30:1800+30"]

1. b3 {[%emt 1:01:01]} Nf6 {[%emt 0:03:10]} 2. Bb2 {[%emt 0:00:28]} g6 {[%emt 0:00:21]} 3. g3 {[%emt 0:00:18]} Bg7 {[%emt 0:00:12]} 4. Bg2 {[%emt 0:00:19]} O-O {[%emt 0:00:10]} 5. e4 {[%emt 0:01:38]} d6 {[%emt 0:01:28]} 6. d3 {[%emt 0:01:05]} e5 {[%emt 0:00:41]} 7. Nd2 {[%emt 0:04:23]} Nc6 {[%emt 0:04:17]} 8. Ne2 {[%emt 0:03:12]} d5 {[%emt 0:02:12]} 9. O-O {[%emt 0:01:24]} Be6 {[%emt 0:08:59]} 10. h3 {[%emt 0:02:21]} Qd7 {[%emt 0:03:14]} 11. Kh2 {[%emt 0:00:42]} Rad8 {[%emt 0:00:41]} 12. exd5 {[%emt 0:01:36]} Bxd5 {[%emt 0:10:41]} 13. Ne4 {[%emt 0:10:19]} Nxe4 {[%emt 0:10:24]} 14. dxe4 {[%emt 0:00:35]} Be6 {[%emt 0:00:07]} 15. Ba3 {[%emt 0:03:24]} Rfe8 {[%emt 0:01:29]} 16. Qxd7 {[%emt 0:16:02]} Rxd7 {[%emt 0:01:27]} 17. Rad1 {[%emt 0:00:12]} Red8 {[%emt 0:00:16]} 18. Rxd7 {[%emt 0:02:11]} Rxd7 {[%emt 0:00:07]} 19. Bc1 {[%emt 0:00:09]} Nb4 {[%emt 0:01:28]} 20. f4 {[%emt 0:02:20]} f6 {[%emt 0:03:00]} 21. f5 {[%emt 0:03:45]} Bf7 {[%emt 0:00:10]} 22. Nc3 {[%emt 0:05:02]} Nxc2 {[%emt 0:02:25]} 23. g4 {[%emt 0:00:20]} g5 {[%emt 0:01:14]} 24. Rf2 {[%emt 0:02:30]} Nb4 {[%emt 0:04:40]} 25. Bf1 {[%emt 0:01:12]} c6 {[%emt 0:02:51]} 26. Be3 {[%emt 0:02:44]} b5 {[%emt 0:04:42]} 27. a3 {[%emt 0:05:31]} Nd3 {[%emt 0:00:44]} 28. Rd2 {[%emt 0:01:13]} Nc5 {[%emt 0:00:14]} 29. Rxd7 {[%emt 0:04:27]} Nxd7 {[%emt 0:00:08]} 30. Nxb5 {[%emt 0:00:08]} cxb5 {[%emt 0:00:59]} 31. Bxb5 {[%emt 0:00:11]} Nb6 {[%emt 0:00:48]} 32. a4 {[%emt 0:03:33]} Bxb3 {[%emt 0:01:26]} 33. a5 {[%emt 0:00:56]} Nc4 {[%emt 0:00:47]} 34. Bxa7 {[%emt 0:01:40]} Nxa5 {[%emt 0:00:32]} 35. Bd7 {[%emt 0:01:50]} Bf8 {[%emt 0:01:25]} 36. Kg3 {[%emt 0:01:14]} Bb4 {[%emt 0:00:55]} 37. Bf2 {[%emt 0:01:16]} Kf7 {[%emt 0:05:01]} 38. h4 {[%emt 0:01:30]} h6 {[%emt 0:00:16]} 39. h5 {[%emt 0:00:58]} Ke7 {[%emt 0:00:27]} 40. Bb5 {[%emt 0:00:33]} Nc4 {[%emt 0:04:20]} 41. Bxc4 {[%emt 0:00:55]} Bxc4 {[%emt 0:00:06]} 42. Bb6 {[%emt 0:00:26]} Kd7 {[%emt 0:00:30]} 43. Kf3 {[%emt 0:00:35]} Bb3 {[%emt 0:02:27]} 44. Ke2 {[%emt 0:02:00]} Bc2 {[%emt 0:00:16]} 45. Kf3 {[%emt 0:01:00]} Bd1+ {[%emt 0:00:13]} 46. Kg3 {[%emt 0:00:40]} Be1+ {[%emt 0:00:46]} 47. Kh3 {[%emt 0:00:18]} Bf3 {[%emt 0:00:38]} 48. Bc5 {[%emt 0:00:10]} Ke8 {[%emt 0:00:11]} 49. Be3 {[%emt 0:01:57]} Bxe4 {[%emt 0:00:14]} 50. Kh2 {[%emt 0:00:56]} Bf3 {[%emt 0:02:12]} 51. Kh3 {[%emt 0:00:09]} Bb4 {[%emt 0:02:17]} 0-1

[Event "11th LCC FIDE Open 2019"]
[Site "London"]
[Date "2019.12.01"]
[Round "4.53"]
[White "Brozel, Sacha"]
[Black "Hughes, Anthony"]
[Result "1/2-1/2"]
[WhiteElo "2188"]
[BlackElo "1874"]
[Annotator "ChessBase"]
[PlyCount "74"]
[EventDate "2019.11.29"]
[EventType "swiss"]
[EventCountry "ENG"]
[SourceTitle "playchess.com"]
[Source "ChessBase"]
[SourceQuality "1"]
[TimeControl "40/5400+30:1800+30"]

1. Nf3 {[%emt 0:05:28]} f5 {[%emt 0:01:07]} 2. g3 {[%emt 0:01:12]} Nf6 {[%emt 0:00:11]} 3. Bg2 {[%emt 0:00:10]} d6 {[%emt 0:00:18]} 4. d4 {[%emt 0:02:10]} e6 {[%emt 0:00:23]} 5. O-O {[%emt 0:01:11]} Be7 {[%emt 0:00:08]} 6. c4 {[%emt 0:05:06]} O-O {[%emt 0:00:25]} 7. b3 {[%emt 0:05:28]} a5 {[%emt 0:00:41]} 8. Nc3 {[%emt 0:02:27]} Qe8 {[%emt 0:06:47]} 9. Qc2 {[%emt 0:13:08]} Nc6 {[%emt 0:03:59]} 10. a3 {[%emt 0:08:25]} e5 {[%emt 0:01:50]} 11. d5 {[%emt 0:00:34]} Nd8 {[%emt 0:05:23]} 12. e4 {[%emt 0:00:24]} Nxe4 {[%emt 0:03:14]} 13. Nxe4 {[%emt 0:00:11]} fxe4 {[%emt 0:00:05]} 14. Nd2 {[%emt 0:01:26]} e3 {[%emt 0:00:58]} 15. fxe3 {[%emt 0:00:09]} Rxf1+ {[%emt 0:08:30]} 16. Bxf1 {[%emt 0:02:19]} Qh5 {[%emt 0:00:48]} 17. Ne4 {[%emt 0:07:08]} Nf7 {[%emt 0:01:48]} 18. Be2 {[%emt 0:02:12]} Bg4 {[%emt 0:25:42]} 19. Bxg4 {[%emt 0:02:25]} Qxg4 {[%emt 0:00:35]} 20. Bd2 {[%emt 0:05:45]} b6 {[%emt 0:10:59]} 21. Rf1 {[%emt 0:00:58]} Rf8 {[%emt 0:00:46]} 22. Kg2 {[%emt 0:15:19]} Ng5 {[%emt 0:10:32]} 23. Rxf8+ {[%emt 0:00:08]} Kxf8 {[%emt 0:00:18]} 24. Nxg5 {[%emt 0:00:32]} Bxg5 {[%emt 0:00:29]} 25. Bc1 {[%emt 0:03:48]} g6 {[%emt 0:09:57]} 26. h3 {[%emt 0:01:58]} Qf5 {[%emt 0:01:20]} 27. e4 {[%emt 0:00:13]} Qf6 {[%emt 0:00:24]} 28. h4 {[%emt 0:00:26]} Bxc1 {[%emt 0:00:21]} 29. Qxc1 {[%emt 0:00:05]} Kg7 {[%emt 0:00:55]} 30. b4 {[%emt 0:00:42]} axb4 {[%emt 0:00:09]} 31. axb4 {[%emt 0:00:08]} h6 {[%emt 0:01:28]} 32. Qa3 {[%emt 0:05:31]} g5 {[%emt 0:00:23]} 33. h5 {[%emt 0:04:35]} g4 {[%emt 0:01:16]} 34. c5 {[%emt 0:03:40]} bxc5 {[%emt 0:00:12]} 35. bxc5 {[%emt 0:00:07]} dxc5 {[%emt 0:00:32]} 36. Qxc5 {[%emt 0:00:33]} Qf3+ {[%emt 0:00:38]} 37. Kh2 {[%emt 0:00:06]} Qe2+ {[%emt 0:04:45] Qa7} 1/2-1/2

[Event "11th LCC FIDE Open 2019"]
[Site "London"]
[Date "2019.12.01"]
[Round "4.54"]
[White "Siddharth, Gopakumar"]
[Black "Zymberi, Astrit"]
[Result "1/2-1/2"]
[WhiteElo "1848"]
[BlackElo "2148"]
[Annotator "TA"]
[PlyCount "89"]
[EventDate "2019.11.29"]
[EventType "swiss"]
[EventCountry "ENG"]
[SourceTitle "playchess.com"]
[Source "ChessBase"]
[SourceQuality "1"]

{[%evp 19,89,11,31,22,16,-8,-14,-14,-8,-107,-105,-108,-113,-115,-110,-115,-101,-112,-112,-115,-119,-111,-112,-246,-233,-293,-285,-265,-279,-266,-277,-401,-319,-372,-285,-285,-256,-260,-169,-211,-150,-175,-77,-89,-21,-11,0,0,0,0,0,0,0,-30,-2,-55,-19,-52,-37,-48,-4,0,63,-165,18,0,48,19,18,0,0,0]} 1. d4 Nf6 2. c4 g6 3. Nc3 d5 4. cxd5 Nxd5 5. e4 Nxc3 6. bxc3 Bg7 7. Bc4 c5 8. Ne2 Nc6 9. Be3 O-O 10. O-O e6 11. Rb1 {D87: Exchange Grünfeld: Classical Line: Variations without ...cxd4} (11. Qd2 b6 12. Rad1 Na5 13. Bd3 cxd4 14. cxd4 Bb7 15. Bh6 Rc8 16. Bxg7 Kxg7 17. Rfe1 Qe7 18. Ng3 Rfd8 19. d5 e5 20. f4 Nc4 21. Bxc4 Rxc4 22. Rf1 Qc5+ {½-½ (48) Korobov,A (2680)-Salgado Lopez,I (2622) Dubai 2014}) 11... Na5 12. Qa4 $146 ({Predecessor:} 12. Bd3 cxd4 13. cxd4 b6 14. Qd2 Bb7 15. Rfc1 Rc8 16. Rxc8 Qxc8 17. Rc1 Qd7 18. Bh6 Rd8 19. Bxg7 Kxg7 20. h4 Qe7 21. h5 g5 {0-1 (36) Norri,J (2358)-Kulaots,K (2557) Jyvaskyla 2014}) 12... Nxc4 13. Qxc4 cxd4 14. Bxd4 (14. cxd4 $11 {keeps the balance.} b6 15. f3) 14... e5 $17 15. Be3 Be6 16. Qa4 Qc7 17. Rfd1 Bc4 18. Rd7 Qc8 {Strongly threatening ...b5.} 19. Ng3 b5 {[%cal Bb7b5,Bb5a4][%mdl 32]} 20. Qd1 a6 21. a4 {[#]} (21. Ra1 $17) 21... bxa4 $1 $19 22. Rbb7 {Black must now prevent Rbc7.} Bb3 23. Qc1 Rd8 24. Rxd8+ Qxd8 25. Bg5 (25. Nf1 $142) 25... Qd1+ 26. Nf1 Qxc1 27. Bxc1 Rd8 28. Ne3 h5 29. Kf1 Bf8 30. Ke2 {[#]} Be6 (30... f5 $1 $19 {[%mdl 512]} 31. Rb6 (31. exf5 gxf5) 31... f4) 31. Ra7 Bc5 ({Black should try} 31... Bc8 $17 32. Nc4 Be6) 32. Rxa6 $11 Bxe3 33. Kxe3 {[%mdl 4096] Endgame KRB-KRB} Rd1 34. Ra8+ Kg7 35. Ba3 Bb3 36. Ke2 Ra1 37. Be7 (37. Bf8+ $11 Kh7 38. Bd6) 37... Ra2+ 38. Kf3 f5 {Threatens to win with ...Bd1+.} 39. Ra7 Bd1+ 40. Kg3 f4+ ({Better is} 40... Kg8 $11) 41. Kh3 $2 (41. Kh4 $14 {is the one way to stay ahead.}) 41... Kf7 $2 (41... g5 $19 {[%csl Gh5][%cal Rd1g4]} 42. Bc5+ Kg6 43. Ra6+ Kf7 44. Ra7+ Ke8 45. Re7+ Kd8) 42. Bc5+ Ke6 43. Ra6+ Kf7 {aiming for ...Be2.} 44. Ra7+ Kf6 {( -> ...Bg4+)} 45. Ra6+ {Accuracy: White = 28%, Black = 40%.} 1/2-1/2